Quizzes
Events
Quiz Creation
Community
Videos
Private Events
Remove Ads
Sign In
Join for FREE
Feedback
Dark Mode
Quiz Categories
Sports
Geography
Music
Movies
Television
Just For Fun
Miscellaneous
History
Literature
Language
Science
Gaming
Entertainment
Religion
Holiday
For Kids
Quiz Lab
Recent
Popular Today
Quiz Kudos Today
Editor Picks
Curator Picks
Quizzes by...
Day
Popularity
Type
Ratings
Length
Year
Community
Subscriptions
Recent Discussions
Orange Saloon
Badges
Playlists
Quests
Create
Leaderboards
Showdown
Live 5
Trivia Bingo
Activity
Puzzle Library
Sporcle Events
Private Events
Virtual Trivia
Globe League
Become a Host
Pub Owners
SporcleCon
Opinionation
Our Games
Videos
Blog
Mobile Apps
Partnerships
Remove Ads and Go Orange
Feedback
Sports
Athletes
MLB
NBA
NHL
NFL
Soccer
Sports Teams
WWE
NCAA
Football
Premier League
Basketball
Baseball
Hockey
Golf
Tennis
Cricket
Rugby
Auto Racing
Olympics
World Cup
Sports
Athletes
MLB
NBA
NHL
NFL
Soccer
Sports Teams
WWE
NCAA
Football
Premier League
Basketball
Baseball
Hockey
Golf
Tennis
Cricket
Rugby
Auto Racing
Olympics
World Cup
Random Quiz
Search Sporcle
×
Quiz Lab
Quiz Lab
Sports
Football
Type in answers that appear in a list
Type in answers that appear in a list
Classic
Best Score? Go Orange.
Polish international footballers (2000-present) Stats
Can you name the Polish international footballers (2000-present)?
By
VamiIFQ
10m
202 Questions
984 Plays
984 Plays
984 Plays
Comments
Comments
Give Quiz Kudos
Give Quiz Kudos
-
- Ratings
hide this ad
Replay
Link that replays current quiz
Next Quiz
Link to next quiz in quiz playlist
You Got
0%
They Got
Avg Score
50%
Avg Friend Score
Upgrade to see
Score Distribution
Jump to the score distribution portion of the page
Score
0/202
Timer
10:00
0
Plays Today
Position
Name
% Correct
GK
Jerzy Dudek
97.1%
ATT
Robert Lewandowski
93.5%
MID
Mariusz Lewandowski
93.3%
GK
Artur Boruc
89.1%
GK
Lukasz Fabianski
88.8%
ATT
Emmanuel Olisadebe
87.4%
ATT
Maciej Zurawski
87%
DEF
Tomasz Hajto
86.8%
GK
Wojciech Szczesny
86.4%
DEF
Dariusz Zuraw
86.2%
GK
Adam Matysek
83.6%
MID
Jakub Blaszczykowski
83.4%
DEF
Tomasz Klos
82.5%
DEF
Tomasz Waldoch
82.1%
DEF
Michal Zewlakow
82%
DEF
Jacek Bak
82%
ATT
Marcin Zewlakow
82%
MID
Arkadiusz Bak
82%
ATT
Tomasz Frankowski
81.8%
DEF
Tomasz Kos
80.9%
DEF
Lukasz Piszczek
79.6%
GK
Radoslaw Majdan
76.9%
ATT
Grzegorz Rasiak
76.7%
ATT
Euzebiusz Smolarek
75.9%
DEF
Jacek Zielinski
75.6%
ATT
Michal Zielinski
75.6%
MID
Tomasz Iwan
75.3%
MID
Jacek Krzynowek
74.8%
ATT
Pawel Brozek
74.2%
DEF
Piotr Brozek
74.2%
MID
Sebastian Mila
73.3%
DEF
Maciej Murawski
73.2%
MID
Kamil Kosowski
73.2%
MID
Rafal Murawski
73.2%
MID
Roger Guerreiro
71.7%
DEF
Arkadiusz Glowacki
71.6%
ATT
Pawel Kryszalowicz
71.4%
MID
Radoslaw Kaluzny
71%
MID
Ludovic Obraniak
71%
DEF
Marcin Baszczynski
70.4%
ATT
Andrzej Niedzielan
70.4%
DEF
Dariusz Dudka
70.4%
MID
Piotr Swierczewski
70.3%
DEF
Marek Kozminski
70.2%
MID
Miroslaw Szymkowiak
69.4%
DEF
Jacek Kowalczyk
69.2%
DEF
Marcin Kowalczyk
69.2%
ATT
Ireneusz Jelen
68.4%
GK
Przemyslaw Tyton
68%
MID
Tomasz Nowak
68%
ATT
Dawid Nowak
67.9%
DEF
Marcin Kus
66.1%
Gk
Wojciech Kowalewski
66%
DEF
Mariusz Jop
65.9%
MID
Radoslaw Sobolewski
65.9%
DEF
Jakub Wawrzyniak
64.9%
DEF
Kamil Glik
64.8%
GK
Tomasz Kuszczak
64.3%
ATT
Marek Saganowski
63.9%
ATT
Andrzej Juskowiak
63.6%
DEF
Tomasz Rzasa
63.5%
DEF
Bartosz Bosacki
63.5%
MID
Slawomir Peszko
63.5%
MID
Janusz Gol
63.2%
MID
Bartosz Karwan
62.5%
ATT
Kamil Grosicki
62.5%
DEF
Michal Pazdan
62.4%
DEF
Marcin Wasilewski
61%
Position
Name
% Correct
DEF
Grzegorz Krychowiak
60.3%
GK
Grzegorz Szamotulski
60%
MID
Maciej Rybus
60%
MID
Adrian Mierzejewski
58.8%
DEF
Lukasz Mierzejewski
58.7%
DEF
Grzegorz Bronowicki
57.7%
ATT
Cezary Kucharski
56.7%
ATT
Artur Wichniarek
56.6%
ATT
Grzegorz Piechna
56.3%
ATT
Radoslaw Matusiak
56.1%
MID
Pawel Sibik
55.7%
ATT
Marcin Kuzba
55.6%
DEF
Pawel Golanski
54.9%
DEF
Grzegorz Wojtkowiak
54.1%
MID
Arkadiusz Radomski
53.2%
MID
Wojciech Lobodzinski
53%
DEF
Sebastian Boenisch
53%
DEF
Jakub Rzezniczak
52.4%
GK
Mariusz Pawelek
51.9%
MID
Maciej Iwanski
51.4%
ATT
Tomasz Zahorski
51.1%
ATT
Piotr Reiss
50.5%
MID
Lukasz Gargula
50.3%
MID
Rafal Grzelak
50.2%
ATT
Bartlomiej Grzelak
50.2%
ATT
Piotr Wlodarczyk
50%
GK
Grzegorz Sandomierski
49.7%
DEF
Maciej Sadlok
49.5%
DEF
Tomasz Jodlowiec
49.3%
MID
Damian Gorawski
48.7%
DEF
Maciej Stolarczyk
48.4%
MID
Przemyslaw Kazmierczak
48.4%
DEF
Artur Jedrzejczyk
47.9%
ATT
Jacek Kielb
47.9%
MID
Tomasz Zdebel
47.6%
ATT
Artur Sobiech
47.3%
MID
Adam Majewski
46.4%
GK
Sebastian Przyrowski
46.4%
MID
Radoslaw Majewski
46.4%
MID
Piotr Giza
46.3%
MID
Mariusz Kukielka
45.9%
MID
Jakub Wilk
45.9%
MID
Cezary Wilk
45.9%
MID
Marcin Zajac
44.9%
DEF
Marek Zajac
44.9%
MID
Ariel Borysiuk
44.9%
ATT
Marcin Mieciel
44.7%
DEF
Tomasz Kielbowicz
44.5%
MID
Marek Zienczuk
43.8%
ATT
Patryk Malecki
43.4%
MID
Lukasz Madej
43.1%
ATT
Rafal Boguski
43.1%
MID
Ryszard Czerwiec
42.8%
MID
Tomasz Wieszczycki
42.8%
MID
Szymon Pawlowski
42.6%
MID
Tomasz Dawidowski
42.3%
GK
Mariusz Liberda
41.6%
ATT
Dawid Janczyk
41.3%
MID
Adrian Matuszczyk
40.7%
MID
Slawomir Majak
40.3%
GK
Jakub Wierzchowski
40.2%
ATT
Adrian Sikora
40.1%
DEF
Piotr Celeban
39.7%
DEF
Jaroslaw Bieniuk
39.4%
DEF
Seweryn Gancarczyk
39%
DEF
Krzysztof Ratajczyk
38.9%
MID
Janusz Gancarczyk
38.9%
MID
Radoslaw Michalski
38.7%
Position
Name
% Correct
MID
Piotr Piechniak
38.7%
MID
Marcin Burkhardt
38.7%
DEF
Marcin Komorowski
38.7%
ATT
Olgierd Moskalewicz
38.4%
DEF
Pawel Kaczorowski
38.2%
ATT
Radoslaw Gilewicz
38%
MID
Grzegorz Pater
37.6%
MID
Lukasz Surma
37.4%
MID
Maciej Malkowski
36.9%
GK
Sebastian Malkowski
36.9%
ATT
Marcin Robak
36.3%
ATT
Roman Dabrowski
35%
MID
Grzegorz Bonin
34.8%
GK
Maciej Nalepa
34%
DEF
Marcin Adamski
34%
ATT
Lukasz Sosin
33.5%
DEF
Paweł Magdon
33.3%
DEF
Hubert Wolakiewicz
32.8%
DEF
Adam Kokoszka
32.5%
DEF
Daniel Bogusz
32.2%
MID
Marcin Kaczmarek
31.7%
ATT
Igor Sypniewski
31.4%
MID
Marcin Nowacki
31.1%
MID
Tomasz Bandrowski
31.1%
DEF
Tomasz Brzyski
30.9%
ATT
Tomasz Moskala
30.4%
MID
Michal Golinski
29.5%
MID
Sebastian Tyrala
28.7%
MID
Vahan Gevorgyan
28.4%
MID
Adam Danch
28%
DEF
Rafal Lasocki
27.8%
MID
Lukasz Tralka
27.7%
DEF
Marcin Kikut
27.5%
ATT
Krzysztof Bizacki
25.8%
MID
Maciej Scherfchen
25.8%
DEF
Dariusz Pietrasiak
25.6%
MID
Adrian Budka
25.3%
DEF
Mariusz Pawlak
25.2%
DEF
Michal Stasiak
25.1%
MID
Pawel Drumlak
24.8%
DEF
Miroslaw Sznaucner
24.7%
ATT
Bartosz Slusarski
24.6%
DEF
Grzegorz Bartczak
24.1%
DEF
Mariusz Pawelec
24.1%
DEF
Arkadiusz Kaliszan
24%
MID
Mateusz Cetnarski
23.6%
DEF
Piotr Polczak
23.2%
MID
Robert Kolendowicz
22.9%
MID
Konrad Golos
22.7%
MID
Tomasz Jarzebowski
22.6%
DEF
Tomasz Lisowski
22.5%
MID
Piotr Madejski
22.3%
MID
Marcin Radzewicz
22.1%
MID
Piotr Kuklis
21.5%
MID
Patryk Rachwal
21.4%
GK
Andrzej Bledzewski
21.1%
GK
Lukasz Zaluska
20.5%
GK
Radoslaw Cierzniak
19.9%
MID
Tomasz Kupisz
19.9%
DEF
Mariusz Mowlik
19.8%
DEF
Antoni Lukasiewicz
18.6%
DEF
Tomasz Ciesielski
17%
MID
Tomasz Mazurkiewicz
17%
MID
Mariusz Piekarski
16.4%
MID
Dawid Plizga
16.1%
DEF
Jakub Tosik
14.1%
Quiz Playlist
Details
Report
Send in Message
Add To Playlist
Classic:
Type in answers that appear in a list
Last Updated: Feb 22, 2019
Quiz Scoreboard
CHALLENGE
Sign Up to Join the Scoreboard
Show All
Scores
Hide
Comments
May contain spoilers
Recently Published
An Introduction to Baseball
by treessimontrees
Sports
5m
Movies - When Are They Set?
by FPL_Elf
Movies
5m
Popular People in 1961
by mucciniale
History
6m
More to Explore
Quiz From the Vault
Featured Blog Post
Where Did the Easter Bunny Come From?
hide this ad
You Might Also Like...
Tags
Football Quiz
Soccer Quiz
Poland
Polish
Today's Top Quizzes in Sports
Browse Sports
hide this ad
Today's Top Quizzes in Football
Browse Football
Top Contributed Quizzes in Sports
1
Les meilleurs buteurs des matchs entre le PSG et l’OM
2
2022 World Cup Stars
3
FIFA Club World Cup Champions
4
Les entraîneurs de l'OM et du PSG au 21e siècle
5
Name the Premier League winners with different clubs
6
La finale Lions - Afrique du Sud 2021
7
Les joueurs passés par le LOSC et le RC Lens
8
Criteria MLB: Left Handed Sluggers
9
Players with Multiple 50 Home Run Seasons
10
5-to-1: UK Sports Teams
Explore More
Trending Topics
Anime
Crossword
Harry Potter
Marvel
Disney
NBA
Kpop
Puzzle
Song
Country
Pokémon
NFL
WWE
The Office
Soccer
hide this ad
More By:
VamiIFQ
Quiz
Plays
Rating
Category
Featured
Created
Polish international footballers (2000-present)
984
3.00
Sports
Jun 5, 2011
IFFHS World's Best Goalkeepers
547
4.67
Sports
Apr 29, 2011
Ekstraklasa Starting Elevens-Jagiellonia Bialystok
271
5.00
Sports
Apr 11, 2011
Football players with 1000+ games
198
5.00
Sports
Apr 28, 2011
football players with 500+ official goals
191
5.00
Sports
Apr 28, 2011
Go to Creator's Profile
Score Distribution
Quiz Creator Spotlight
VamiIFQ
Follow
Send a Message
Quizzes Created
-
Created Quiz Play Count
-
More By This Creator
Popular Quizzes Today
1
Find the Countries of Europe - No Outlines Minefield
2
Find the US States - No Outlines Minefield
3
The Countries of the World
4
Popular People in 1961
5
US States
6
Find the US States
7
1-10 Letter E Words III
8
Risky Map Clicking: Biggest States A-Z
More Sports Quizzes
Top 5 Real Madrid Goals and Assists (Since 2000)
Quiz Lab
Trending Quizzes
Risky Map Clicking: Least Populous States A-Z
1-10 Letter F Words
1-10 Letter G Words
One Thing in Common: United Kingdom
Not Quite an Element Typing Challenge
Recently Updated
Leaping Animals
pecheneg
Reality TV Shows (A-Z)
bhenderson79
Rickey Henderson's Hall of Fame Teammates
pecheneg
Champions League XIs: Arsenal
pecheneg
Quick Pick: Celebrities in WWE's Hall of Fame
aduchscher
A-Z Keypad Blitz II
pecheneg
Multiple Oscar Actors
pecheneg
Mystery Phrase Blitz: Oscar 'Best Actors'
pecheneg
F. Scott Fitzgerald Novels
LTH
Pick 3 Villains
ddd62291
Trending Topics
Crossword
Anime
Marvel
Disney
Harry Potter
NBA
Kpop
Pokémon
Puzzle
NFL
The Office
Country
Song
Soccer
WWE
Your Account Isn't Verified!
In order to create a playlist on Sporcle, you need to verify the email address you used during registration. Go to your
Sporcle Settings
to finish the process.
Report this User
Report this user for behavior that violates our
Community Guidelines
.
Details:
Send Report
Go to the Sporcle.com Mobile Site →
Comments